[Event "Smuk Skak GM"]
[Site "Skanderborg DEN"]
[Date "2023.08.18"]
[Round "7.3"]
[White "Korley, Kassa"]
[Black "Panjwani, Raja"]
[Result "0-1"]
[WhiteElo "2447"]
[BlackElo "2469"]
[PlyCount "82"]
[EventDate "2023.08.12"]
[EventType "tourn"]
[EventRounds "9"]
[EventCountry "DEN"]
[EventCategory "8"]
[Source "ChessMix"]
[SourceDate "2023.09.01"]

1. Nf3 Nf6 2. g3 g6 3. Bg2 Bg7 4. d4 O-O 5. O-O d6 6. a4 a5 7. Re1 Nbd7 8. e4
e5 9. Nc3 c6 10. h3 exd4 11. Nxd4 Nc5 12. Bf4 Nh5 13. Be3 Re8 14. Qd2 Nf6 15.
Bf4 Nh5 16. Be3 Nf6 17. f3 Nfd7 18. Rad1 Na6 19. Qf2 Nb4 20. f4 Qe7 21. g4 Qf8
22. g5 f5 23. exf5 gxf5 24. h4 Qf7 25. Ndb5 cxb5 26. Nxb5 Ne5 27. fxe5 Bxe5 28.
c3 f4 29. Bc1 Bg4 30. cxb4 f3 31. Bf1 Rac8 32. Be3 d5 33. Bd4 Bf4 34. Rxe8+
Rxe8 35. Re1 Rxe1 36. Qxe1 Bf5 37. Bf2 Qh5 38. Nd4 Qg4+ 39. Kh1 Be4 40. Qc3
axb4 41. Qc5 Qxh4+ 0-1

[Event "Smuk Skak GM"]
[Site "Skanderborg DEN"]
[Date "2023.08.19"]
[Round "8.2"]
[White "Thybo, Jesper Sondergaard"]
[Black "Panjwani, Raja"]
[Result "0-1"]
[WhiteElo "2542"]
[BlackElo "2469"]
[PlyCount "80"]
[EventDate "2023.08.12"]
[EventType "tourn"]
[EventRounds "9"]
[EventCountry "DEN"]
[EventCategory "8"]
[Source "ChessMix"]
[SourceDate "2023.09.01"]

1. Nf3 Nf6 2. c4 g6 3. Nc3 Bg7 4. e4 d6 5. d4 O-O 6. Be2 e5 7. O-O Nc6 8. d5
Ne7 9. Bg5 Nd7 10. Nd2 f5 11. f3 f4 12. Bh4 g5 13. Bf2 h5 14. b4 Nf6 15. c5 g4
16. Bh4 g3 17. Nc4 Ng6 18. Bg5 Qe8 19. Nxd6 cxd6 20. Nb5 Nh7 21. Nxd6 Qd7 22.
Bb5 Qc7 23. Ne8 Qf7 24. Nd6 Qc7 25. Be8 Nxg5 26. Bxg6 h4 27. Nxc8 Qxc8 28. h3
a5 29. a3 Rf6 30. Bh5 axb4 31. axb4 Rxa1 32. Qxa1 Ra6 33. Qb2 Qa8 34. d6 Ra2
35. Qb3+ Kh8 36. Rd1 Ra1 37. d7 Ne6 38. Kf1 Nd4 39. Qd3 Bf6 40. Ke1 Rxd1+ 0-1

[Event "Leca da Palmeira op"]
[Site "Leca da Palmeira POR"]
[Date "2023.07.31"]
[Round "1.8"]
[White "Pinto, Semuthu"]
[Black "Panjwani, Raja"]
[Result "0-1"]
[WhiteElo "2083"]
[BlackElo "2469"]
[PlyCount "64"]
[EventDate "2023.07.31"]
[EventType "swiss"]
[EventRounds "9"]
[EventCountry "POR"]
[Source "ChessMix"]
[SourceDate "2023.08.10"]

1. e4 c5 2. Nf3 Nc6 3. d4 cxd4 4. Nxd4 e5 5. Nb5 d6 6. c4 g6 7. N1c3 a6 8. Na3
Be6 9. Be3 Rc8 10. Be2 Bg7 11. Nc2 Nge7 12. O-O O-O 13. Nd5 f5 14. Bg5 h6 15.
exf5 gxf5 16. Bh4 Bxd5 17. cxd5 Nb8 18. Ne3 Bf6 19. Bxf6 Rxf6 20. Qb3 Nd7 21.
Qxb7 f4 22. Ng4 Rg6 23. f3 Nc5 24. Qb4 Nf5 25. Rac1 Qg5 26. Rf2 Re8 27. h4 Qxh4
28. g3 Nxg3 29. Rh2 Nxe2+ 30. Rxe2 h5 31. Rh2 Qg5 32. Rxc5 dxc5 0-1

[Event "Leca da Palmeira op"]
[Site "Leca da Palmeira POR"]
[Date "2023.08.01"]
[Round "2.8"]
[White "Panjwani, Raja"]
[Black "Zebracki, Tomasz"]
[Result "1-0"]
[WhiteElo "2469"]
[BlackElo "2216"]
[PlyCount "63"]
[EventDate "2023.07.31"]
[EventType "swiss"]
[EventRounds "9"]
[EventCountry "POR"]
[Source "ChessMix"]
[SourceDate "2023.08.10"]

1. Nf3 d5 2. g3 Bg4 3. Bg2 c6 4. O-O Nd7 5. h3 Bh5 6. d3 e5 7. e4 dxe4 8. dxe4
Bc5 9. Qe1 f6 10. Nbd2 Bf7 11. Qe2 Ne7 12. Rd1 Qc7 13. Nb3 Bb6 14. Nfd2 O-O 15.
a4 a6 16. Nc4 Rfd8 17. Bd2 Ba7 18. a5 Nc5 19. Be3 Nxb3 20. Bb6 Bxb6 21. axb6
Qc8 22. cxb3 Qe6 23. Qe3 Rd7 24. Bf1 Rad8 25. Rxd7 Qxd7 26. Na5 Nc8 27. Be2 Qe7
28. Bxa6 Qb4 29. Bxb7 Qxb6 30. Nxc6 Rd4 31. Ra8 Qxb7 32. Rxc8+ 1-0

[Event "Leca da Palmeira op"]
[Site "Leca da Palmeira POR"]
[Date "2023.08.01"]
[Round "3.6"]
[White "Gaponenko, Inna"]
[Black "Panjwani, Raja"]
[Result "0-1"]
[WhiteElo "2336"]
[BlackElo "2469"]
[PlyCount "66"]
[EventDate "2023.07.31"]
[EventType "swiss"]
[EventRounds "9"]
[EventCountry "POR"]
[Source "ChessMix"]
[SourceDate "2023.08.10"]

1. e4 c5 2. Nf3 Nc6 3. c3 d5 4. exd5 Qxd5 5. d4 Nf6 6. Be2 cxd4 7. cxd4 e6 8.
Nc3 Qd6 9. O-O Be7 10. Nb5 Qd8 11. Bf4 Nd5 12. Bg3 O-O 13. Bc4 a6 14. Bxd5 exd5
15. Nc7 Rb8 16. Ne5 Nxe5 17. Bxe5 b5 18. Re1 Rb6 19. Rc1 Rg6 20. a4 b4 21. a5
Bb7 22. f4 Qd7 23. Qd3 f5 24. Rc2 Bc6 25. Rec1 Rd8 26. Re2 Bd6 27. Qxa6 Bxc7
28. Bxc7 Bb5 29. Qxg6 hxg6 30. Bxd8 Bxe2 31. Bb6 Qe7 32. Kf2 Bd3 33. Re1 Qh4+
0-1

[Event "Leca da Palmeira op"]
[Site "Leca da Palmeira POR"]
[Date "2023.08.02"]
[Round "4.1"]
[White "Panjwani, Raja"]
[Black "Perez Candelario, Man"]
[Result "0-1"]
[WhiteElo "2469"]
[BlackElo "2573"]
[PlyCount "128"]
[EventDate "2023.07.31"]
[EventType "swiss"]
[EventRounds "9"]
[EventCountry "POR"]
[Source "ChessMix"]
[SourceDate "2023.08.10"]

1. d4 d5 2. c4 e6 3. Nc3 a6 4. cxd5 exd5 5. Nf3 h6 6. Qb3 Nf6 7. e4 Nxe4 8.
Nxe4 dxe4 9. Bc4 Qe7 10. Ne5 Qb4+ 11. Bd2 Qxb3 12. Bxb3 Be6 13. d5 Nd7 14. dxe6
Nxe5 15. exf7+ Nxf7 16. Rc1 c6 17. Bc3 Be7 18. O-O Bf6 19. Rce1 Nd6 20. f3 Bxc3
21. bxc3 Rf8 22. fxe4 Ke7 23. e5 Nb5 24. Re3 Rxf1+ 25. Kxf1 Rf8+ 26. Ke2 Rf5
27. Kd3 Nc7 28. Rg3 Kf8 29. Ke4 Rf2 30. e6 Re2+ 31. Kd3 Rf2 32. e7+ Kxe7 33.
Rxg7+ Kd6 34. Rg6+ Ke5 35. Rxh6 Rxg2 36. Rh7 Nd5 37. Rh5+ Kd6 38. Rh6+ Kc5 39.
Rh5 b5 40. c4 bxc4+ 41. Bxc4 a5 42. Bb3 Rg4 43. Rh8 Rd4+ 44. Kc2 a4 45. Bxd5
cxd5 46. a3 Rf4 47. Ra8 Rf2+ 48. Kd1 Kb5 49. Rb8+ Kc4 50. Ke1 Rxh2 51. Rb4+ Kc3
52. Rxa4 Rh1+ 53. Kf2 d4 54. Ra8 d3 55. Rc8+ Kd2 56. a4 Rh5 57. Kf3 Rf5+ 58.
Ke4 Ra5 59. Rh8 Rxa4+ 60. Kf3 Ra7 61. Rh1 Kc2 62. Rh8 d2 63. Rc8+ Kd1 64. Re8
Rc7 0-1

[Event "Leca da Palmeira op"]
[Site "Leca da Palmeira POR"]
[Date "2023.08.03"]
[Round "5.7"]
[White "Kushal, O.."]
[Black "Panjwani, Raja"]
[Result "0-1"]
[WhiteElo "2294"]
[BlackElo "2469"]
[PlyCount "94"]
[EventDate "2023.07.31"]
[EventType "swiss"]
[EventRounds "9"]
[EventCountry "POR"]
[Source "ChessMix"]
[SourceDate "2023.08.10"]

1. e4 c5 2. Nf3 Nc6 3. Bb5 e6 4. Bxc6 bxc6 5. d3 Ne7 6. Nbd2 Qc7 7. h4 e5 8. h5
d6 9. h6 g6 10. Nc4 f6 11. Qe2 Be6 12. Bd2 d5 13. Ne3 c4 14. exd5 cxd5 15. O-O
Bxh6 16. Nxc4 Bg7 17. Ne3 O-O 18. c4 dxc4 19. dxc4 Rad8 20. Bc3 Bh6 21. b3 Nf5
22. Nxf5 Bxf5 23. Rad1 Rxd1 24. Rxd1 Rd8 25. Rxd8+ Qxd8 26. Bd2 Bf8 27. Be3 a6
28. c5 Bd3 29. Qd2 Qd5 30. c6 Bd6 31. Qc3 Bc7 32. Bh6 Bb5 33. Qb4 Qd6 34. Qg4
f5 35. Qh4 Bxc6 36. Nd2 e4 37. g3 Ba5 38. Bf4 Qd8 39. Qh6 Bc3 40. Bg5 Qd5 41.
Nf1 Qd1 42. Be7 Bg7 43. Qd2 Qxd2 44. Nxd2 Kf7 45. Bc5 Ke6 46. Nc4 Bb5 47. Ne3
Be2 0-1

[Event "Leca da Palmeira op"]
[Site "Leca da Palmeira POR"]
[Date "2023.08.03"]
[Round "6.4"]
[White "Panjwani, Raja"]
[Black "Dionisi, Thomas"]
[Result "1-0"]
[WhiteElo "2469"]
[BlackElo "2401"]
[PlyCount "79"]
[EventDate "2023.07.31"]
[EventType "swiss"]
[EventRounds "9"]
[EventCountry "POR"]
[Source "ChessMix"]
[SourceDate "2023.08.10"]

1. d4 Nf6 2. c4 e6 3. Nc3 Bb4 4. e3 O-O 5. Bd3 c5 6. Nge2 cxd4 7. exd4 d5 8.
cxd5 Nxd5 9. O-O Nc6 10. a3 Bd6 11. Re1 Nce7 12. Bc2 Bd7 13. Ne4 Bc7 14. Qd3
Ng6 15. Bg5 f6 16. Bd2 Bc6 17. Nc5 Qd6 18. Qh3 f5 19. Bb3 Rae8 20. Nd3 a5 21.
g3 Qd8 22. Rad1 Qf6 23. Nc5 b6 24. Ba4 Bxa4 25. Nxa4 f4 26. Nac3 Nxc3 27. Bxc3
fxg3 28. fxg3 Qf3 29. Qg2 Qxg2+ 30. Kxg2 e5 31. d5 Bd6 32. Nc1 e4 33. Bd4 b5
34. Nb3 Rf5 35. Bg1 a4 36. Nc5 Rfe5 37. Nb7 Bc7 38. d6 Bd8 39. d7 Rf8 40. Nxd8
1-0

[Event "Leca da Palmeira op"]
[Site "Leca da Palmeira POR"]
[Date "2023.08.04"]
[Round "7.2"]
[White "Panjwani, Raja"]
[Black "Visakh, Narayanan Rajeswari"]
[Result "1/2-1/2"]
[WhiteElo "2469"]
[BlackElo "2536"]
[PlyCount "107"]
[EventDate "2023.07.31"]
[EventType "swiss"]
[EventRounds "9"]
[EventCountry "POR"]
[Source "ChessMix"]
[SourceDate "2023.08.10"]

1. d4 Nf6 2. c4 e6 3. Nc3 Bb4 4. e3 O-O 5. Bd3 d5 6. Nf3 dxc4 7. Bxc4 c5 8. O-O
Nc6 9. a3 Ba5 10. h3 h6 11. Qd3 cxd4 12. exd4 Bc7 13. Re1 Ne7 14. Ne5 Nf5 15.
d5 exd5 16. Nxd5 Nxd5 17. Qxd5 Be6 18. Qxd8 Raxd8 19. Bxe6 fxe6 20. Nf3 Bb6 21.
Rxe6 Rd1+ 22. Re1 Rxe1+ 23. Nxe1 Ng3 24. Nf3 Ne2+ 25. Kf1 Nd4 26. Nxd4 Bxd4 27.
f3 Rc8 28. Bd2 Rc2 29. Bc3 Bxc3 30. bxc3 Rxc3 31. Rb1 b6 32. a4 Kh7 33. a5 bxa5
34. Rb7 a4 35. Rxa7 a3 36. Ra6 Rc1+ 37. Kf2 Rc2+ 38. Kg3 a2 39. f4 h5 40. h4
Kg8 41. Ra7 Kf8 42. Kf3 Ke8 43. g4 hxg4+ 44. Kxg4 Kd8 45. Kf5 Kc8 46. Kg6 Kb8
47. Ra3 Kb7 48. h5 Rc6+ 49. Kxg7 Ra6 50. Rxa2 Rxa2 51. h6 Rg2+ 52. Kf7 Rh2 53.
Kg7 Rg2+ 54. Kf7 1/2-1/2

[Event "Leca da Palmeira op"]
[Site "Leca da Palmeira POR"]
[Date "2023.08.05"]
[Round "8.3"]
[White "Vignesh, NR.."]
[Black "Panjwani, Raja"]
[Result "1/2-1/2"]
[WhiteElo "2495"]
[BlackElo "2469"]
[PlyCount "80"]
[EventDate "2023.07.31"]
[EventType "swiss"]
[EventRounds "9"]
[EventCountry "POR"]
[Source "ChessMix"]
[SourceDate "2023.08.10"]

1. d4 Nf6 2. c4 g6 3. Nc3 Bg7 4. e4 d6 5. Nf3 O-O 6. Be2 e5 7. O-O c6 8. Be3
Na6 9. h3 exd4 10. Bxd4 Re8 11. Bd3 Nc5 12. Re1 Ne6 13. Be3 Nd7 14. Qd2 Ne5 15.
Be2 Nxf3+ 16. Bxf3 Be5 17. g3 Qf6 18. Bg2 g5 19. Rf1 Nf4 20. gxf4 gxf4 21. Qe2
Kh8 22. Qf3 fxe3 23. Qxf6+ Bxf6 24. fxe3 Be5 25. Rxf7 Be6 26. Rxb7 Rg8 27. Kh1
Rg3 28. Ne2 Rxe3 29. Ng1 Rg3 30. Rb3 Rag8 31. Rxg3 Rxg3 32. Nf3 Bxh3 33. Nxe5
Rxg2 34. Nxc6 Rxb2 35. Nxa7 Bg2+ 36. Kg1 Bxe4 37. Nb5 d5 38. Nc3 Rg2+ 39. Kf1
Rh2 40. Re1 Bd3+ 1/2-1/2

[Event "Leca da Palmeira op"]
[Site "Leca da Palmeira POR"]
[Date "2023.08.06"]
[Round "9.4"]
[White "Panjwani, Raja"]
[Black "Prie, Eric"]
[Result "1-0"]
[WhiteElo "2469"]
[BlackElo "2353"]
[PlyCount "69"]
[EventDate "2023.07.31"]
[EventType "swiss"]
[EventRounds "9"]
[EventCountry "POR"]
[Source "ChessMix"]
[SourceDate "2023.08.10"]

1. d4 d5 2. c4 dxc4 3. Nf3 a6 4. e3 b5 5. a4 Bb7 6. b3 e6 7. bxc4 bxc4 8. Bxc4
Nf6 9. Nbd2 c5 10. Qb3 Ra7 11. O-O Be7 12. Bb2 O-O 13. Rfc1 Nbd7 14. Bf1 Qa8
15. Qd1 Rc8 16. Nc4 Bd5 17. a5 Rb7 18. Ba3 Bf8 19. dxc5 Bxc5 20. Nd6 Bxd6 21.
Bxd6 Ne4 22. Rxc8+ Qxc8 23. Rc1 Qa8 24. Be7 h6 25. Qd4 Ndf6 26. Bb4 Ng4 27. Be1
Rd7 28. h3 Ngf6 29. Ne5 Rd8 30. Qb6 Bb7 31. Rc7 Nd6 32. Nc6 Nd5 33. Ne7+ Nxe7
34. Rxe7 Qb8 35. Bb4 1-0

[Event "Americas Continental-ch"]
[Site "Juan Dolio DOM"]
[Date "2023.05.15"]
[Round "1"]
[White "Panjwani, Raja"]
[Black "Cardenas Carbajal, Nilson"]
[Result "1-0"]
[WhiteElo "2485"]
[BlackElo "2028"]
[PlyCount "64"]
[EventDate "2023.05.15"]
[EventType "swiss"]
[EventRounds "11"]
[EventCountry "DOM"]
[Source "ChessMix"]
[SourceDate "2023.06.01"]

1. Nf3 Nf6 2. c4 e6 3. g3 d5 4. d4 Be7 5. Bg2 O-O 6. O-O c6 7. Nc3 Nbd7 8. b3
b6 9. Qd3 Bb7 10. Rd1 c5 11. cxd5 exd5 12. Bb2 Re8 13. Rac1 Ne4 14. dxc5 Bxc5
15. Nxe4 dxe4 16. Qc3 Qf6 17. Qxf6 Nxf6 18. Nd4 Rac8 19. Bh3 Rcd8 20. e3 Nd5
21. a3 a5 22. Bf1 Rc8 23. Bc4 Red8 24. Nf5 g6 25. Bxd5 Bxd5 26. Nh6+ Kf8 27. b4
axb4 28. axb4 Be6 29. Rxd8+ Rxd8 30. bxc5 bxc5 31. Bf6 Rd5 32. Kg2 Rh5 1-0

[Event "Americas Continental-ch"]
[Site "Juan Dolio DOM"]
[Date "2023.05.16"]
[Round "3"]
[White "Panjwani, Raja"]
[Black "Zapata, Alonso"]
[Result "1-0"]
[WhiteElo "2485"]
[BlackElo "2322"]
[PlyCount "131"]
[EventDate "2023.05.15"]
[EventType "swiss"]
[EventRounds "11"]
[EventCountry "DOM"]
[Source "ChessMix"]
[SourceDate "2023.06.01"]

1. d4 Nf6 2. c4 g6 3. Nf3 Bg7 4. g3 O-O 5. Bg2 c5 6. Nc3 d6 7. O-O Nc6 8. d5
Na5 9. Nd2 a6 10. Rb1 e6 11. b3 Rb8 12. Bb2 b5 13. Qc2 Re8 14. e3 bxc4 15. bxc4
Rb4 16. a3 Rxc4 17. Nxc4 Nxc4 18. Bc1 Nb6 19. dxe6 Bxe6 20. Rd1 Qc7 21. e4 Ng4
22. h3 Ne5 23. Ne2 Bd7 24. Nc3 Be6 25. Bf4 Nbc4 26. Qa4 Qc6 27. Qxc6 Nxc6 28.
Nd5 Bxd5 29. Rxd5 Nd4 30. Bf1 Nxa3 31. Rc1 Nab5 32. Bxd6 Nxd6 33. Rxd6 Bf8 34.
Rxa6 Rxe4 35. Kg2 Kg7 36. Ra7 Re7 37. Ra8 Rb7 38. Ba6 Rd7 39. Re1 Be7 40. Rb1
h5 41. h4 Rc7 42. Rbb8 Nf5 43. Rg8+ Kh7 44. Rgc8 Rxc8 45. Bxc8 Nd6 46. Ra7 Nxc8
47. Rc7 Bf6 48. Rxc8 Bd4 49. f3 Kg7 50. g4 hxg4 51. fxg4 Bf6 52. Kg3 Be5+ 53.
Kf3 Bf6 54. h5 Bd4 55. Rc6 gxh5 56. gxh5 Kh7 57. Kf4 Kg7 58. h6+ Kh7 59. Kg5
Be3+ 60. Kh5 Bd2 61. Rf6 Kg8 62. Rf2 Be3 63. Rg2+ Kh8 64. Rg7 c4 65. Rxf7 Kg8
66. h7+ 1-0

[Event "Americas Continental-ch"]
[Site "Juan Dolio DOM"]
[Date "2023.05.17"]
[Round "4"]
[White "Escobar Forero, Alder"]
[Black "Panjwani, Raja"]
[Result "1-0"]
[WhiteElo "2443"]
[BlackElo "2485"]
[PlyCount "139"]
[EventDate "2023.05.15"]
[EventType "swiss"]
[EventRounds "11"]
[EventCountry "DOM"]
[Source "ChessMix"]
[SourceDate "2023.06.01"]

1. e4 c5 2. Nf3 Nc6 3. Bb5 e6 4. O-O Nge7 5. Re1 b6 6. c3 a6 7. Bxc6 Nxc6 8. d4
Bd6 9. d5 Ne7 10. Nbd2 Bb8 11. Nc4 b5 12. Ne3 O-O 13. a4 Bb7 14. b3 f5 15. c4
fxe4 16. Ng5 Nxd5 17. Nxd5 exd5 18. cxd5 Qf6 19. Ra2 Qe5 20. f4 Qxd5 21. Rd2
Qf5 22. Rxd7 Bc6 23. Re7 Bxf4 24. Bxf4 h6 25. Nh3 Rad8 26. Qa1 Rf7 27. Rxf7
Qxf7 28. axb5 axb5 29. Qe5 Rd5 30. Qb8+ Kh7 31. Be3 Rd3 32. Qe5 Rxb3 33. Qxc5
Qd5 34. Nf4 Qxc5 35. Bxc5 Rc3 36. Bd4 Rc4 37. Be3 b4 38. Rc1 Rxc1+ 39. Bxc1 b3
40. g3 g5 41. Ng2 Kg6 42. Kf2 h5 43. Ne3 g4 44. Ke1 Bd7 45. Kd2 h4 46. Kc3 Be6
47. Kd4 Bf5 48. Ke5 hxg3 49. hxg3 Bc8 50. Kxe4 Kh5 51. Kf4 Be6 52. Bb2 Bd7 53.
Nd5 Kg6 54. Nf6 Be6 55. Nxg4 Kh5 56. Ne5 Kh6 57. g4 Bd5 58. Kf5 Kh7 59. Nd7 Bc4
60. Kf6 Bd3 61. Nf8+ Kg8 62. Ng6 Be2 63. Ne5 Bb5 64. Ng6 Kh7 65. Ne7 Bd3 66. g5
Bc4 67. Bc1 Kh8 68. g6 Bg8 69. Bh6 b2 70. Bg7# 1-0

[Event "Americas Continental-ch"]
[Site "Juan Dolio DOM"]
[Date "2023.05.18"]
[Round "5"]
[White "Panjwani, Raja"]
[Black "Gomez Barrera, Javiera Belen"]
[Result "1/2-1/2"]
[WhiteElo "2485"]
[BlackElo "2247"]
[PlyCount "51"]
[EventDate "2023.05.15"]
[EventType "swiss"]
[EventRounds "11"]
[EventCountry "DOM"]
[Source "ChessMix"]
[SourceDate "2023.06.01"]

1. d4 Nf6 2. c4 g6 3. Nf3 Bg7 4. g3 c6 5. Bg2 d5 6. cxd5 cxd5 7. Nc3 O-O 8. Ne5
Bf5 9. O-O Ne4 10. Bf4 Nxc3 11. bxc3 Nc6 12. Qb3 Nxe5 13. Bxe5 Bxe5 14. dxe5 e6
15. Qxb7 Rc8 16. Qxa7 Rxc3 17. Rfc1 Qc8 18. Qe3 Rxe3 19. Rxc8 Ra3 20. Rxf8+
Kxf8 21. e3 Bc2 22. Bf1 Bb3 23. Rb1 Bxa2 24. Ra1 Ra4 25. Bb5 Rb4 26. Rxa2
1/2-1/2

[Event "Americas Continental-ch"]
[Site "Juan Dolio DOM"]
[Date "2023.05.19"]
[Round "6"]
[White "Del Castilho, Martyn"]
[Black "Panjwani, Raja"]
[Result "0-1"]
[WhiteElo "2261"]
[BlackElo "2485"]
[PlyCount "74"]
[EventDate "2023.05.15"]
[EventType "swiss"]
[EventRounds "11"]
[EventCountry "DOM"]
[Source "ChessMix"]
[SourceDate "2023.06.01"]

1. e4 c5 2. c3 d6 3. d4 Nf6 4. dxc5 Nc6 5. Qd3 d5 6. exd5 Nxd5 7. Nf3 e5 8. b4
f5 9. Qd1 e4 10. Ng5 Be7 11. Bc4 Bxg5 12. Qh5+ g6 13. Qxg5 Qxg5 14. Bxg5 Be6
15. Nd2 a5 16. b5 Ne5 17. Bxd5 Nd3+ 18. Ke2 Bxd5 19. c4 Be6 20. c6 bxc6 21. b6
h6 22. Be3 Rh7 23. Rhb1 O-O-O 24. f4 exf3+ 25. gxf3 f4 26. b7+ Rxb7 27. Rxb7
fxe3 28. Rab1 exd2 29. Rb8+ Kd7 30. Rxd8+ Kxd8 31. Kxd2 Ne5 32. f4 Nxc4+ 33.
Kc3 Nd6 34. a4 c5 35. Rb6 Kc7 36. Ra6 Bd5 37. h4 Bb7 0-1

[Event "Americas Continental-ch"]
[Site "Juan Dolio DOM"]
[Date "2023.05.20"]
[Round "7"]
[White "Meier, Georg"]
[Black "Panjwani, Raja"]
[Result "1-0"]
[WhiteElo "2614"]
[BlackElo "2485"]
[PlyCount "63"]
[EventDate "2023.05.15"]
[EventType "swiss"]
[EventRounds "11"]
[EventCountry "DOM"]
[Source "ChessMix"]
[SourceDate "2023.06.01"]

1. e4 c5 2. Nf3 Nc6 3. Bb5 e6 4. Bxc6 bxc6 5. b3 d6 6. e5 f6 7. exd6 Bxd6 8. d3
Ne7 9. Nc3 Nd5 10. Ne4 Be7 11. O-O O-O 12. Ba3 Qa5 13. Bb2 e5 14. Nfd2 Be6 15.
Nc4 Qc7 16. Ba3 Nb4 17. Qd2 Rab8 18. f3 Rfd8 19. Qf2 Bf8 20. Bb2 Na6 21. Rae1
Bf7 22. Re2 Bg6 23. Rfe1 Qf7 24. Bc1 Nb4 25. f4 Bh5 26. fxe5 Bxe2 27. Rxe2 Nd5
28. exf6 gxf6 29. Bb2 Be7 30. Ne3 Nxe3 31. Rxe3 Rd5 32. Qg3+ 1-0

[Event "Americas Continental-ch"]
[Site "Juan Dolio DOM"]
[Date "2023.05.21"]
[Round "8"]
[White "Panjwani, Raja"]
[Black "Panesso Rivera, Henry"]
[Result "0-1"]
[WhiteElo "2485"]
[BlackElo "2342"]
[PlyCount "220"]
[EventDate "2023.05.15"]
[EventType "swiss"]
[EventRounds "11"]
[EventCountry "DOM"]
[Source "ChessMix"]
[SourceDate "2023.06.01"]

1. Nf3 Nf6 2. g3 d5 3. Bg2 e6 4. O-O Be7 5. c4 O-O 6. d4 c6 7. Nc3 Nbd7 8. b3
b6 9. Qd3 a5 10. e4 Ba6 11. e5 Ne8 12. a4 Nc7 13. Rd1 Rb8 14. h4 h6 15. Bf4 Re8
16. Nd2 Bb4 17. Qe3 Nf8 18. h5 Nh7 19. Rac1 Rc8 20. Ne2 Qe7 21. Nf3 c5 22. g4
dxc4 23. bxc4 Bb7 24. Ng3 cxd4 25. Nxd4 Bxg2 26. Kxg2 Na6 27. Ne4 Red8 28. Qf3
Qf8 29. g5 hxg5 30. Nxg5 Nxg5 31. Bxg5 Be7 32. Bf4 Nc5 33. Ra1 Qe8 34. Qg4 f5
35. Qf3 g5 36. hxg6 Qxg6+ 37. Kf1 Kf7 38. Nb5 Qg4 39. Qxg4 fxg4 40. Nd6+ Bxd6
41. exd6 Nd7 42. Rac1 Kg6 43. Bg3 Rh8 44. Kg2 Kf5 45. Rd4 e5 46. Rd5 Rc5 47.
Rd3 Rh6 48. f3 gxf3+ 49. Rxf3+ Ke6 50. Bf2 Rc6 51. Rb3 Rg6+ 52. Kf3 Rxd6 53. c5
Rc6 54. Rbc3 Rf6+ 55. Ke2 bxc5 56. Be3 Rg6 57. Kf3 Kf5 58. Rc4 e4+ 59. Kf2 Rcf6
60. Bxc5 Ke5+ 61. Ke1 Nxc5 62. Rxc5+ Kf4 63. Kd2 Rd6+ 64. Kc3 Rc6 65. Rf1+ Ke3
66. Rff5 Rgf6 67. Rh5 Rh6 68. Rhe5 Rhe6 69. Rh5 Kf3 70. Kd2 Rcd6+ 71. Ke1 Rg6
72. Rhg5 Ke3 73. Rc3+ Kd4 74. Rgc5 Rg2 75. R3c4+ Ke3 76. Rc3+ Kf4 77. Rc7 Rb6
78. Rf7+ Ke5 79. Kf1 Ra2 80. Rc5+ Ke6 81. Rf2 Rxa4 82. Rff5 Ra1+ 83. Kg2 Rb2+
84. Kh3 Rh1+ 85. Kg3 Rg1+ 86. Kh3 a4 87. Rce5+ Kd6 88. Rd5+ Kc6 89. Rc5+ Kb6
90. Rce5 Rb3+ 91. Kh2 Rc1 92. Rf2 e3 93. Rf8 Kb7 94. Ree8 Rc7 95. Rb8+ Kc6 96.
Ra8 a3 97. Rfe8 Kc5 98. Kg2 Kc4 99. Kf3 Rf7+ 100. Ke4 Kc3 101. Kxe3 Kb2+ 102.
Kd4 Rf2 103. Reb8 Rxb8 104. Rxb8+ Kc1 105. Ra8 a2 106. Ke3 Rb2 107. Rh8 Rb1
108. Rc8+ Kb2 109. Rb8+ Ka3 110. Ra8+ Kb3 0-1

[Event "Olympiad"]
[Site "Chennai IND"]
[Date "2022.08.03"]
[Round "6.2"]
[White "Panjwani, Raja"]
[Black "Lupulescu, Constantin"]
[Result "1/2-1/2"]
[WhiteElo "2450"]
[BlackElo "2628"]
[PlyCount "70"]
[EventDate "2022.07.29"]
[EventType "team"]
[EventRounds "11"]
[EventCountry "IND"]
[Source "ChessMix"]
[SourceDate "2022.08.10"]
[WhiteTeam "Canada"]
[BlackTeam "Romania"]
[WhiteTeamCountry "CAN"]
[BlackTeamCountry "ROM"]

1. d4 Nf6 2. c4 e6 3. g3 d5 4. Nf3 dxc4 5. Bg2 c6 6. Ne5 Bb4+ 7. Nc3 Nd5 8. O-O
Nxc3 9. bxc3 Bxc3 10. Nxc4 b5 11. Bb2 Bxb2 12. Nxb2 a5 13. Qc2 O-O 14. Rfd1 Qd6
15. e4 e5 16. dxe5 Qxe5 17. f4 Qe7 18. Nd3 Ra7 19. Qf2 Rd7 20. Qb6 Qd8 21. Qe3
c5 22. Bh3 Rd4 23. Bxc8 Qxc8 24. Nxc5 Rc4 25. Rac1 Rd8 26. Nb7 Rxc1 27. Qxc1
Rxd1+ 28. Qxd1 Nc6 29. Nd6 Qe6 30. Qd5 Qxd5 31. exd5 Nb4 32. Nxb5 Nxa2 33. Kf2
Nb4 34. Nc3 a4 35. Nxa4 Nxd5 1/2-1/2

[Event "Olympiad"]
[Site "Chennai IND"]
[Date "2022.08.05"]
[Round "7.2"]
[White "Gourlay, Iain"]
[Black "Panjwani, Raja"]
[Result "0-1"]
[WhiteElo "2321"]
[BlackElo "2450"]
[PlyCount "106"]
[EventDate "2022.07.29"]
[EventType "team"]
[EventRounds "11"]
[EventCountry "IND"]
[Source "ChessMix"]
[SourceDate "2022.08.10"]
[WhiteTeam "Scotland"]
[BlackTeam "Canada"]
[WhiteTeamCountry "SCO"]
[BlackTeamCountry "CAN"]

1. d4 Nf6 2. Nf3 g6 3. g3 Bg7 4. Bg2 c5 5. dxc5 Qa5+ 6. Nfd2 Qxc5 7. Nc3 d6 8.
Nb3 Qc7 9. Bg5 Qd8 10. Qd2 h6 11. Bxf6 Bxf6 12. Nd5 Bg7 13. Qa5 Na6 14. Qxd8+
Kxd8 15. O-O-O Rb8 16. e4 e6 17. Ne3 Ke7 18. Nc4 Rd8 19. Nba5 Nb4 20. a3 Nc6
21. Rd2 Bd7 22. Rhd1 Be8 23. Nb3 b6 24. Nxd6 Na5 25. Nxa5 bxa5 26. b3 Bc6 27.
a4 Bxa4 28. Nxf7 Rxd2 29. Rxd2 Bb5 30. Nd6 Bc3 31. Nxb5 Bxd2+ 32. Kxd2 Rxb5 33.
Bf1 Rb4 34. Bc4 g5 35. f4 gxf4 36. gxf4 a4 37. c3 a3 38. Kc2 Rb8 39. f5 Rg8 40.
Bxe6 Rg2+ 41. Kb1 Rxh2 42. e5 Re2 43. Bc8 Rxe5 44. Ka2 Rc5 45. Be6 Rxc3 46.
Kxa3 h5 47. Kb4 Rc7 48. Bd5 h4 49. Bg2 Kf6 50. Bh3 Re7 51. Ka4 Re3 52. Bg2 h3
53. Bb7 h2 0-1

[Event "Olympiad"]
[Site "Chennai IND"]
[Date "2022.08.07"]
[Round "9.2"]
[White "Panjwani, Raja"]
[Black "Miezis, Normunds"]
[Result "1-0"]
[WhiteElo "2450"]
[BlackElo "2446"]
[PlyCount "31"]
[EventDate "2022.07.29"]
[EventType "team"]
[EventRounds "11"]
[EventCountry "IND"]
[Source "ChessMix"]
[SourceDate "2022.08.10"]
[WhiteTeam "Canada"]
[BlackTeam "Latvia"]
[WhiteTeamCountry "CAN"]
[BlackTeamCountry "LAT"]

1. d4 Nf6 2. c4 e6 3. g3 Bb4+ 4. Bd2 a5 5. Bg2 d5 6. Nf3 O-O 7. Qc2 b6 8. O-O
Bb7 9. cxd5 exd5 10. Bf4 Bd6 11. Bxd6 Qxd6 12. Nc3 Qe7 13. Ne5 Nc6 14. Nxd5
Nxd5 15. Nxc6 Qd6 16. Bxd5 1-0